[Event "Kaspreta"]
[Site "http://www.queenalice.com/game.php?id=876559"]
[Date "2010.12.25"]
[Round "-"]
[White "kaspreta"]
[Black "PawnPusherPete"]
[Result "1-0"]
[WhiteElo "2291"]
[BlackElo "2198"]

1. e4 c5 2. Nc3 a6 3. a4 e6 4. Nf3 Nc6 5. Bc4 Qc7 6. d3 d5 7. exd5 Nd4 8. Ng5
Qe5+ 9. Nge4 Nf6 10. O-O Nxe4 11. dxe4 Bd7 12. f4 Qc7 13. e5 h5 14. d6 Qc6 15.
Qd3 g6 16. Ne4 Bg7 17. b4 1-0

[Event "Challenge"]
[Site "http://www.queenalice.com/game.php?id=879357"]
[Date "2010.12.31"]
[Round "-"]
[White "PROFILER"]
[Black "PawnPusherPete"]
[Result "0-1"]
[WhiteElo "2207"]
[BlackElo "2200"]

1. e4 c5 2. Nf3 d6 3. d4 cxd4 4. Nxd4 Nf6 5. Nc3 a6 6. f4 e5 7. Nf3 Nbd7 8. a4
Qc7 9. Bd3 g6 10. O-O Bg7 11. Qe1 O-O 12. fxe5 dxe5 13. Qh4 b6 14. Bh6 Bb7 15.
Ng5 Rac8 16. g4 Qc5+ 17. Kh1 Qe7 18. Rf3 Rxc3 19. Bxg7 Kxg7 20. bxc3 h6 21. Rh3
Nxg4 22. Qxg4 hxg5 23. Rg1 f6 24. Bf1 Nc5 25. Bg2 Bc8 26. Qe2 Bxh3 0-1

[Event "AUTO-MASTER-1227"]
[Site "http://www.queenalice.com/game.php?id=894275"]
[Date "2011.2.1"]
[Round "2"]
[White "PawnPusherPete"]
[Black "lupengui"]
[Result "1/2-1/2"]
[WhiteElo "2256"]
[BlackElo "2584"]

1. e4 c5 2. Nf3 d6 3. d4 cxd4 4. Nxd4 Nf6 5. Nc3 e5 6. Bb5+ Bd7 7. Bxd7+ Qxd7 8.
Nf3 Qc6 9. Qe2 Nbd7 10. O-O Rc8 11. Re1 Be7 12. Bg5 h6 13. Bxf6 Nxf6 14. Red1
O-O 15. Rd3 b5 16. a3 a5 17. Ne1 Rc7 18. Rad1 Qc4 19. R1d2 Rb8 20. Nd5 Nxd5 21.
Rxd5 Qa4 22. g3 g6 23. b3 Qxa3 24. Rxb5 Rxb5 25. Qxb5 Kg7 26. Kg2 Qc1 27. Re2
Qd1 28. Qxa5 Qxe2 29. Qxc7 Qxe1 30. Qxe7 Qxe4+ 31. Kg1 Qe1+ 32. Kg2 Qe4+ 33. Kg1
Qe1+ 34. Kg2 1/2-1/2

[Event "AUTO-MASTER-1227"]
[Site "http://www.queenalice.com/game.php?id=894276"]
[Date "2011.2.1"]
[Round "2"]
[White "lupengui"]
[Black "PawnPusherPete"]
[Result "1/2-1/2"]
[WhiteElo "2585"]
[BlackElo "2266"]

1. e4 c5 2. Nf3 d6 3. d4 cxd4 4. Nxd4 Nf6 5. Nc3 a6 6. f3 e6 7. Be3 b5 8. Bd3
Bb7 9. O-O Nbd7 10. Qd2 b4 11. Na4 d5 12. exd5 Nxd5 13. c4 bxc3 14. bxc3 Bd6 15.
Bf2 O-O 16. c4 Nf4 17. Rfd1 Nxd3 18. Qxd3 Be5 19. Rab1 Rb8 20. Nb3 Bc6 21. Nac5
Nxc5 22. Qxd8 Rfxd8 23. Rxd8+ Rxd8 24. Nxc5 a5 25. Be3 Rb8 26. Rxb8+ Bxb8 27.
Kf2 Kf8 28. Bd4 Bd6 29. Nd3 f6 30. Bb6 a4 31. c5 Be7 32. f4 Kf7 33. g3 g6 34.
Nb4 Bb5 35. Ke3 Ke8 36. Kd4 Kd7 37. Ba7 h6 38. h4 h5 39. Bb8 Bd8 40. Bd6 Ba5 41.
Kc3 Be2 42. a3 Bb5 43. Bb8 Kc8 1/2-1/2

[Event "AUTO-MASTER-1227"]
[Site "http://www.queenalice.com/game.php?id=894277"]
[Date "2011.2.1"]
[Round "2"]
[White "PawnPusherPete"]
[Black "Andreu"]
[Result "1-0"]
[WhiteElo "2244"]
[BlackElo "1909"]

1. e4 e5 2. Nf3 d5 3. exd5 Qxd5 4. Nc3 Qd6 5. Bc4 Be7 6. Nb5 Qc5 7. d3 Bd7 8.
Be3 Qb4+ 9. c3 Qa5 10. b4 Bxb4 11. cxb4 Qxb4+ 12. Bd2 Qc5 13. Rc1 Kd8 14. Qb3 a6
15. Be3 Qe7 16. Nxc7 Kxc7 17. Qb6+ Kc8 18. Be6+ Nc6 19. Rxc6+ bxc6 20. Qxc6+ Kb8
21. Bxd7 Qb4+ 22. Ke2 Ne7 23. Qc2 Ra7 24. Rb1 Qxb1 25. Bxa7+ 1-0

[Event "AUTO-MASTER-1227"]
[Site "http://www.queenalice.com/game.php?id=894278"]
[Date "2011.2.1"]
[Round "2"]
[White "Andreu"]
[Black "PawnPusherPete"]
[Result "0-1"]
[WhiteElo "1906"]
[BlackElo "2246"]

1. e4 c5 2. Nf3 d6 3. Bc4 Nc6 4. O-O Nf6 5. Nc3 g6 6. a3 Bg7 7. Ng5 O-O 8. d3 e6
9. Bf4 a6 10. Rb1 b5 11. Bb3 Nd4 12. Ba2 Bb7 13. Ne2 d5 14. Nxd4 cxd4 15. e5 Nh5
16. Qg4 Nxf4 17. Qxf4 Qc7 18. Rfe1 Rac8 19. Qh4 h5 20. Nf3 Qxc2 21. Qxd4 Bh6 22.
Red1 Rc7 23. g4 Qe2 24. Kg2 hxg4 25. Qxg4 Rc2 26. Qd4 Be3 0-1

[Event "AUTO-OPEN-2058"]
[Site "http://www.queenalice.com/game.php?id=894597"]
[Date "2011.2.2"]
[Round "2"]
[White "PawnPusherPete"]
[Black "Sasah"]
[Result "1-0"]
[WhiteElo "2243"]
[BlackElo "1802"]

1. e4 e5 2. Nf3 Bc5 3. Nxe5 Qh4 4. d4 Qxe4+ 5. Be3 d6 6. Nxf7 Bxd4 7. Ng5 Qe5 8.
Qxd4 Nc6 9. Qc4 Qxb2 10. Qf7+ Kd8 11. Qf8+ Kd7 12. g3 Qxa1 13. Bh3# 1-0

[Event "AUTO-OPEN-2058"]
[Site "http://www.queenalice.com/game.php?id=894598"]
[Date "2011.2.2"]
[Round "2"]
[White "Sasah"]
[Black "PawnPusherPete"]
[Result "0-1"]
[WhiteElo "1879"]
[BlackElo "2256"]

1. c4 Nf6 2. Nc3 e5 3. Qc2 Nc6 4. g3 d5 5. cxd5 Nxd5 6. Bg2 Ndb4 7. Bxc6+ Nxc6
8. Nf3 Bh3 9. Qb3 Qd7 10. Qxb7 Rb8 11. Qa6 Bg2 12. Rg1 Bxf3 13. exf3 Nd4 14. Qd3
Qc6 15. Kd1 Nxf3 16. Rh1 Be7 17. Nd5 Nd4 18. Qe4 f5 19. Nxe7 Qxe4 0-1

[Event "AUTO-ADV-1856"]
[Site "http://www.queenalice.com/game.php?id=907398"]
[Date "2011.3.2"]
[Round "2"]
[White "PawnPusherPete"]
[Black "Erychess"]
[Result "1-0"]
[WhiteElo "2287"]
[BlackElo "1900"]

1. e4 e5 2. Nf3 Nc6 3. Bb5 Qf6 4. Nc3 a6 5. Nd5 Qd8 6. Ba4 b5 7. Bb3 Bc5 8. Nxe5
Nxe5 9. d4 Bxd4 10. Qxd4 f6 11. O-O Ne7 12. f4 N5c6 13. Qd1 Nxd5 14. exd5 Na5
15. Qe1+ Kf7 16. Qxa5 d6 17. Bd2 Bf5 18. c4 bxc4 19. Bxc4 Qb8 20. Bc3 Qa7+ 21.
Kh1 Rhe8 22. Rae1 Re4 23. Rxe4 Bxe4 24. Re1 f5 25. Qa4 Rd8 26. Bxa6 Qf2 27. Rxe4
fxe4 28. Qxe4 Re8 29. Qf5+ Kg8 30. h3 Rf8 31. Qe6+ Kh8 32. Qg4 Rg8 33. Bd3 Qe3
34. Bxh7 1-0

[Event "AUTO-ADV-1856"]
[Site "http://www.queenalice.com/game.php?id=907399"]
[Date "2011.3.2"]
[Round "2"]
[White "Erychess"]
[Black "PawnPusherPete"]
[Result "0-1"]
[WhiteElo "1882"]
[BlackElo "2276"]

1. e4 c5 2. Nc3 g6 3. f4 Bg7 4. Nf3 Nc6 5. Bb5 Nd4 6. Nxd4 cxd4 7. Nd5 e6 8. Nb4
Qa5 9. Bxd7+ Bxd7 10. a3 Ne7 11. d3 O-O 12. Bd2 Qb6 13. O-O Rac8 14. e5 a5 15.
Na2 Qxb2 16. Bxa5 Rxc2 0-1

[Event "AUTO-ADV-1856"]
[Site "http://www.queenalice.com/game.php?id=907400"]
[Date "2011.3.2"]
[Round "2"]
[White "PawnPusherPete"]
[Black "Prosperidade"]
[Result "1-0"]
[WhiteElo "2285"]
[BlackElo "1939"]

1. e4 e5 2. Nf3 d6 3. d4 exd4 4. Nxd4 Nf6 5. Nc3 c5 6. Bb5+ Bd7 7. Nf5 Nc6 8.
Nxd6+ Bxd6 9. Qxd6 Nb4 10. Bd3 b6 11. e5 Nxd3+ 12. Qxd3 Ng4 13. O-O O-O 14. Bf4
Be6 15. Qg3 1-0

[Event "AUTO-ADV-1856"]
[Site "http://www.queenalice.com/game.php?id=907401"]
[Date "2011.3.2"]
[Round "2"]
[White "Prosperidade"]
[Black "PawnPusherPete"]
[Result "1-0"]
[WhiteElo "1942"]
[BlackElo "2288"]

1. d4 Nf6 2. c4 e6 3. a3 b6 4. Nc3 Bb7 5. Bg5 Be7 6. Bxf6 Bxf6 7. e4 O-O 8. Nf3
c5 9. d5 d6 10. Bd3 Nd7 11. O-O Ne5 12. Be2 Re8 13. Bd3 g6 14. Re1 exd5 15. cxd5
a6 16. a4 Qc7 17. Be2 Bg7 18. Nxe5 Bxe5 19. Rb1 Bxc3 20. bxc3 Rxe4 21. Bf3 Kf8
22. Bxe4 1-0

[Event "WCC  2011 - QA"]
[Site "http://www.queenalice.com/game.php?id=908648"]
[Date "2011.3.5"]
[Round "2"]
[White "PawnPusherPete"]
[Black "smothered_mate"]
[Result "1/2-1/2"]
[WhiteElo "2257"]
[BlackElo "2224"]

1. e4 e5 2. Nf3 Nf6 3. d4 Nxe4 4. Bd3 d5 5. Nxe5 Nd7 6. O-O Nxe5 7. dxe5 c6 8.
Nd2 Nxd2 9. Bxd2 Qh4 10. Be3 d4 11. Bd2 Bg4 12. f3 Be6 13. b4 Qh5 14. Qe2 Be7
15. a4 O-O 16. Qe4 Rfd8 17. c4 dxc3 18. Bxc3 Rd7 19. Rfd1 Rad8 20. Bc2 Bf5 21.
Qe2 Rxd1+ 22. Rxd1 Rxd1+ 23. Bxd1 Qh6 24. Qd2 1/2-1/2

[Event "Challenge"]
[Site "http://www.queenalice.com/game.php?id=922300"]
[Date "2011.4.5"]
[Round "-"]
[White "luke6469"]
[Black "PawnPusherPete"]
[Result "0-1"]
[WhiteElo "1630"]
[BlackElo "2277"]

1. e4 c5 2. d4 cxd4 3. c3 Qa5 4. Nf3 Nf6 5. e5 dxc3 6. Nxc3 Ne4 7. Bf4 Nxc3 8.
Qd2 Nc6 9. bxc3 g6 10. Rb1 Bg7 11. Rb5 Qa4 12. Be2 b6 13. O-O Ba6 14. Rd1 Bxb5
15. Qxd7+ Kf8 16. Bxb5 Qxb5 17. Nd4 Nxd4 0-1

[Event "WCC  2011 - QA"]
[Site "http://www.queenalice.com/game.php?id=928680"]
[Date "2011.4.21"]
[Round "3"]
[White "PawnPusherPete"]
[Black "amarkin"]
[Result "1/2-1/2"]
[WhiteElo "2278"]
[BlackElo "2518"]

1. e4 c6 2. Nc3 d5 3. Nf3 dxe4 4. Nxe4 Nf6 5. Nxf6+ exf6 6. g3 Qe7+ 7. Qe2 Na6
8. Qxe7+ Bxe7 9. Bxa6 bxa6 10. O-O c5 11. Re1 Kd7 12. b3 Bb7 13. Nh4 Rhe8 14.
Ba3 g6 15. Ng2 f5 16. Re3 Bd6 17. Rae1 Rxe3 18. Nxe3 Re8 19. Ng2 Rxe1+ 20. Nxe1
a5 21. Nd3 c4 22. Nc5+ 1/2-1/2

[Event "WCC  2011 - QA"]
[Site "http://www.queenalice.com/game.php?id=938343"]
[Date "2011.5.15"]
[Round "4"]
[White "Iancopoulus"]
[Black "PawnPusherPete"]
[Result "1/2-1/2"]
[WhiteElo "2415"]
[BlackElo "2266"]

1. e4 c5 2. Nc3 d6 3. f4 g6 4. Nf3 Bg7 5. Bc4 Nc6 6. d3 e6 7. O-O Nge7 8. Qe1
O-O 9. Bb3 Rb8 10. f5 exf5 11. Qh4 b5 12. Kh1 a5 13. Bg5 Bxc3 14. bxc3 fxe4 15.
Bf6 Nf5 16. Qg5 exf3 17. Bxd8 fxg2+ 18. Kxg2 Nxd8 19. Bd5 Ne6 20. Qd2 Ne7 21.
Bf3 b4 22. Rfb1 Bb7 23. Bxb7 Rxb7 24. a3 Nc6 25. Kh1 Rc7 26. cxb4 cxb4 27. axb4
axb4 28. Ra6 Ned4 29. Rf1 Re7 30. c3 Re2 31. Qc1 Rc2 32. Qf4 Rxc3 33. Qxd6 Nb5
34. Qf6 Ncd4 35. Rb6 b3 36. Rb7 Rc6 37. Qe5 Re6 38. Qc5 Nd6 39. Rb4 N4f5 40.
Rxb3 Rfe8 41. Rb6 Re5 42. Qb4 Rd5 43. Qb3 Rd4 44. Rb8 Rxb8 45. Qxb8+ Kg7 46. Qb2
g5 47. Ra1 Kg6 48. Ra8 h6 49. Kg1 Kh7 50. Qb8 Kg6 51. Qb2 Rg4+ 52. Kh1 Rf4 53.
h3 Kh5 54. Ra6 Kg6 55. Kh2 Rd4 56. Ra8 Kh7 57. Ra5 Rxd3 58. Qc2 Rf3 59. Rd5 Kg7
60. Qc6 Rf4 61. Rxd6 Nxd6 62. Qxd6 Rf6 63. Qd4 Kg6 64. Qd3+ Kg7 65. Qd4 Kg6 66.
Qe4+ Kg7 67. Qe5 Kg6 68. Qe4+ Kg7 69. Qe5 1/2-1/2

[Event "Challenge"]
[Site "http://www.queenalice.com/game.php?id=945495"]
[Date "2011.6.2"]
[Round "-"]
[White "docjan"]
[Black "PawnPusherPete"]
[Result "1/2-1/2"]
[WhiteElo "2367"]
[BlackElo "2270"]

1. d4 Nf6 2. c4 e6 3. Nc3 Bb4 4. Nf3 Bxc3+ 5. bxc3 b6 6. Bg5 Bb7 7. Nd2 h6 8.
Bh4 d6 9. f3 Nbd7 10. e4 Nf8 11. Bf2 Ng6 12. g3 O-O 13. Bg2 c5 14. O-O Qc7 15.
a4 Rfb8 16. f4 e5 17. f5 Ne7 18. d5 Nh7 19. g4 f6 20. Be3 a5 21. h4 Bc8 22. Nf3
g5 23. fxg6 Nxg6 24. h5 Ne7 25. Bh3 Kg7 26. Qd2 Ng8 27. Nh4 Bd7 28. Nf5+ Bxf5
29. exf5 Rb7 30. Kh2 Ng5 31. Bg2 Kh7 32. Rfb1 Ne7 33. Rb2 Rg8 34. Rab1 Nc8 35.
Re1 Qg7 36. Qd1 Re7 37. Kg3 Kh8 38. Rf2 Kh7 39. Bh1 Nf7 40. Bc1 Ree8 41. Kh3
Ng5+ 42. Kh2 Qb7 43. Bg2 Rg7 44. Bf1 Reg8 45. Rg2 Ne7 46. Bd3 Kh8 47. Bc2 Kh7
48. Qe2 Nf7 49. Bd2 Ng5 50. Rb1 Nc8 51. Be3 1/2-1/2

[Event "Challenge"]
[Site "http://www.queenalice.com/game.php?id=945496"]
[Date "2011.6.2"]
[Round "-"]
[White "PawnPusherPete"]
[Black "docjan"]
[Result "1/2-1/2"]
[WhiteElo "2273"]
[BlackElo "2396"]

1. e4 e5 2. Nf3 Nc6 3. Bb5 a6 4. Ba4 Nf6 5. O-O Be7 6. Re1 b5 7. Bb3 O-O 8. c3
d6 9. h3 Na5 10. Bc2 c5 11. d4 Qc7 12. Nbd2 Bd7 13. Nf1 Rfe8 14. Ne3 cxd4 15.
cxd4 Rac8 16. b3 Nc6 17. Bb2 Qb7 18. Rc1 h6 19. Bb1 Bd8 20. d5 Ne7 21. Rxc8 Qxc8
22. Qd2 Bb6 23. Rc1 Qb8 24. Kh2 Ng6 25. g3 Rc8 26. Bd3 a5 27. Ng1 Rxc1 28. Bxc1
Qc8 29. Qc2 Bc5 30. Bd2 b4 31. Kg2 Qd8 32. Nc4 Bc8 33. a3 Kh7 34. axb4 axb4 35.
Nb2 Bd7 36. Na4 Bxa4 37. bxa4 Qb6 38. Be1 b3 39. Qb1 b2 40. Ne2 Qb3 41. Qc2 Qb8
42. Nc3 Qb4 43. Kf1 h5 44. h4 Qa3 45. Nb1 Qa1 46. a5 Nd7 47. Qd1 Kg8 48. Qxh5
Bd4 49. Qe2 Nc5 50. Bc2 Qa2 51. Qb5 Ne7 52. Bc3 g6 53. Kg2 Kg7 54. f3 Qa1 55.
Qb4 Bxc3 56. Qxc3 Ng8 57. f4 f6 58. Kf3 Nh6 59. g4 Nf7 60. f5 Nd8 61. fxg6 Kxg6
62. Qb4 Nf7 63. Qb8 Kg7 64. Qb6 Qa2 65. Qb4 Kg6 66. Nc3 Qa1 67. Bb1 Kg7 68. Ke3
Nh6 1/2-1/2

[Event "AUTO-OPEN-2058"]
[Site "http://www.queenalice.com/game.php?id=947725"]
[Date "2011.6.9"]
[Round "3"]
[White "PawnPusherPete"]
[Black "Dummer"]
[Result "1-0"]
[WhiteElo "2278"]
[BlackElo "1887"]

1. e4 c6 2. Nc3 d5 3. Nf3 Bg4 4. h3 Bxf3 5. Qxf3 Nf6 6. e5 Nfd7 7. Qg3 e6 8. d4
g6 9. Bg5 f6 10. exf6 Nxf6 11. O-O-O Bg7 12. Bd3 O-O 13. h4 Nbd7 14. h5 h6 15.
Bxg6 hxg5 16. h6 Nh7 17. hxg7 Ndf6 18. gxf8=Q+ Qxf8 19. Qh3 1-0

[Event "AUTO-OPEN-2058"]
[Site "http://www.queenalice.com/game.php?id=947726"]
[Date "2011.6.9"]
[Round "3"]
[White "Dummer"]
[Black "PawnPusherPete"]
[Result "0-1"]
[WhiteElo "1879"]
[BlackElo "2277"]

1. Nf3 c5 2. c3 Nf6 3. d4 e6 4. e3 d5 5. Nbd2 Nc6 6. Bd3 Qc7 7. O-O Bd7 8. dxc5
Bxc5 9. Nb3 Bd6 10. Nbd4 a6 11. Bd2 e5 12. Nc2 e4 13. Ncd4 Nxd4 14. cxd4 exf3
15. Qxf3 Bxh2+ 16. Kh1 Bg4 0-1